000 00445nam a2200217Ia 4500
003 IT-RoPAU
008 120407s9999 xx 000 0 und d
040 _aIT-RoPAU
040 _cIT-RoPAU
041 _aita
100 _aUmberto Forti
245 _aEinstein - il pensiero
250 _aMilano
260 _aEdiz. Nuova acc.
260 _c1961
300 _a208 p.
300 _c18 cm
490 _v1
942 _cBK
999 _c28703
_d28703